000 00678nam a2200265Ia 4500
005 20260302115703.0
008 008 260114s9999 xx 000 0 eng d
020 _a9781501366178
037 _aTextbook
040 _aCRL
040 _beng
040 _cCRL
041 _2eng
041 _aeng
084 _qCRL
100 _aJacob Leigh
_91122343
245 0 _aContemporary Directors’ Cinema
260 _bBloomsbury
260 _bBloomsbury Academic
260 _c2024
650 _aJournalism & mass Comm
856 _uhttps://doi.org/10.5040/9781501366178?locatt=label:secondary_bloomsburyCollections
942 _cEBOOK
999 _c1687117
_d1687117